000 00727nam a2200241Ia 4500
005 20260430150400.0
008 008 250103s9999 xx 000 0 eng d
037 _aTheses
040 _aCRL
040 _beng
040 _ceng
041 _2eng
041 _aeng
084 _qCRL
100 _aArun Kumar Au.; Pankaj Gupta Gu.; Mehlawat Mukesh Kumar Gu.
_91237328
245 0 _aMultiple Criteria Portfolio Selection and Evaluation Under a Fuzzy Environment Using Data Envelopment Analysis
260 _c2023
300 _a235p.
650 _aOperations Research
700 _aUniversity of Delhi. Faculty of Mathematical Sciences. Deptt. of Operational Research
942 _cTH
999 _c1849652
_d1849652